Private police

Guardado en:  
Detalles Bibliográficos
Autor principal: Draper, Hilary (Autor)
Tipo de documento: Print Libro
Lenguaje:Inglés
Publicado: Sussex Harvester Pr. [u.a.] 1978
En:Año: 1978
Disponibilidad en Tübingen:Disponible en Tübingen.
UB: KB 9 A 629
Verificar disponibilidad: HBZ Gateway
Servicio de pedido Subito: Pedir ahora.

MARC

LEADER 00000cam a22000002c 4500
001 1093286741
003 DE-627
005 20251224220501.0
007 tu
008 910218s1978 xx ||||| 00| ||eng c
035 |a (DE-627)1093286741 
035 |a (DE-576)023286741 
035 |a (DE-599)BSZ023286741 
035 |a (OCoLC)03627207 
040 |a DE-627  |b ger  |c DE-627  |e rakwb 
041 |a eng 
082 0 |a 363.2/0973 
100 1 |a Draper, Hilary  |4 aut 
245 1 0 |a Private police 
264 1 |a Sussex  |b Harvester Pr. [u.a.]  |c 1978 
300 |a 173 S. 
336 |a Text  |b txt  |2 rdacontent 
337 |a ohne Hilfsmittel zu benutzen  |b n  |2 rdamedia 
338 |a Band  |b nc  |2 rdacarrier 
583 1 |a Archivierung prüfen  |c 20200919  |f DE-640  |z 2  |2 pdager 
951 |a BO 
ELC |b 1 
LOK |0 000 xxxxxcx a22 zn 4500 
LOK |0 001 2159621285 
LOK |0 003 DE-627 
LOK |0 004 1093286741 
LOK |0 005 19930330000000 
LOK |0 008 930330||||||||||||||||ger||||||| 
LOK |0 040   |a DE-21  |c DE-627  |d DE-21 
LOK |0 852   |a DE-21 
LOK |0 852 1  |c KB 9 A 629  |9 00 
LOK |0 935   |a krim 
LOK |0 939   |a 30-03-93  |b l01 
ORI |a SA-MARC-krimdoka001.raw 
SIG |a UB: KB 9 A 629